| 000 | 00000nam 2200000zi 4500 |
| 001 | 9.941716 |
| 003 | CaOODSP |
| 005 | 20250108091736 |
| 006 | m o d f |
| 007 | cr cn |||||||| |
| 008 | 240809t20242024onc o f000 0 fre d |
| 020 | |a9780660731117 |
| 040 | |aCaOODSP|bfre|erda|cCaOODSP |
| 043 | |an-cn--- |
| 086 | 1 |aH144-135/2024F-PDF |
| 245 | 00|aPréparation des installations de santé en vue d'une chaleur accablante : |brecommandations pour les gestionnaires de résidences pour personnes âgées et d'installations de soins de santé. |
| 264 | 1|a[Ottawa] : |bSanté Canada = Health Canada, |c[2024] |
| 264 | 4|c©2024 |
| 300 | |a1 ressource en ligne (2 pages non numérotées) |
| 336 | |atexte|btxt|2rdacontent/fre |
| 337 | |ainformatique|bc|2rdamedia/fre |
| 338 | |aressource en ligne|bcr|2rdacarrier/fre |
| 500 | |aPublié aussi en anglais sous le titre : Health facilities preparation for extreme heat : recommendations for retirement and care facility managers. |
| 500 | |a« Pub. : 240475. » |
| 650 | 6|aChaleur|xAspect sanitaire|zCanada. |
| 650 | 6|aChaleur|zCanada|xSécurité|xMesures. |
| 710 | 1 |aCanada. |bSanté Canada, |eorganisme de publication. |
| 775 | 08|tHealth facilities preparation for extreme heat : |w(CaOODSP)9.941717 |
| 795 | |tPréparation des installations de santé en vue d'une chaleur accablante : |w(CaOODSP)9.640365 |
| 856 | 40|qPDF|s738 Ko|uhttps://publications.gc.ca/collections/collection_2025/sc-hc/H144-135-2024-fra.pdf |
| 856 | 4 |qHTML|sS.O.|uhttps://www.canada.ca/fr/sante-canada/services/sante-environnement-milieu-travail/rapports-publications/changement-climatique-sante/preparation-installations-sante-chaleur-accablante-recommandations-gestionnaires-residences-personnes-agees-installations-soins-sante-sante-canada.html |